Kemenespálfa demográfiai viszonyai XVIII. század vége, XIX. század eleje /

Elmentve itt :
Bibliográfiai részletek
Szerző: Molnár Terézia
Dokumentumtípus: Cikk
Megjelent: Belvedere Meridionale Szeged 1991
Sorozat:Belvedere Meridionale 3 No. 2
Kulcsszavak:Kemenespálfa története - 18-19. sz., Demográfia - Kemenespálfa - 18-19. sz.
Tárgyszavak:
Online Access:http://acta.bibl.u-szeged.hu/4271
LEADER 00871nab a2200217 i 4500
001 acta4271
005 20250828123937.0
008 161015s1991 hu o 000 hun d
040 |a SZTE Egyetemi Kiadványok Repozitórium  |b hun 
041 |a hun 
100 1 |a Molnár Terézia 
245 1 0 |a Kemenespálfa demográfiai viszonyai   |h [elektronikus dokumentum] :  |b XVIII. század vége, XIX. század eleje /  |c  Molnár Terézia 
260 |a Belvedere Meridionale  |b Szeged  |c 1991 
300 |a 14-16 
490 0 |a Belvedere Meridionale  |v 3 No. 2 
650 4 |a Társadalomtudományok 
650 4 |a Szociológia 
650 4 |a Bölcsészettudományok 
650 4 |a Történettudomány és régészet 
695 |a Kemenespálfa története - 18-19. sz., Demográfia - Kemenespálfa - 18-19. sz. 
856 4 0 |u http://acta.bibl.u-szeged.hu/4271/1/belvedere_1991_002_014-016.pdf  |z Dokumentum-elérés